North American Sports Teams NOT Named After Cities - Statistics

General Stats
  • This quiz has been taken 253 times
  • The average score is 14 of 23
Answer Stats
Hint Location Team Name % Correct
State Florida Panthers
83%
Region Carolina Panthers
83%
State Arizona Cardinals
74%
State Slogan Golden State Warriors
72%
State Texas Rangers
71%
State Minnesota Vikings
71%
Region New England Patriots
69%
State Minnesota Twins
66%
State Minnesota Timberwolves
64%
State Minnesota Wild
63%
State Colorado Avalanche
62%
Borough Brooklyn Nets
62%
State Tennessee Titans
61%
State Arizona Diamondbacks
59%
State Utah Jazz
59%
State Arizona Coyotes
58%
State Colorado Rockies
55%
Region Carolina Hurricanes
52%
State Indiana Pacers
47%
State New Jersey Devils
44%
Body of Water Tampa Bay Buccaneers
39%
Body of Water Tampa Bay Lightning
32%
Body of Water Tampa Bay Rays
32%
No matching quizzes found
Score Distribution
Percent of People with Each Score
Percentile by Number Answered
Your Score History
You have not taken this quiz